000 00403cam a22001217a 4500
008 180718b1972 xxu||||| |||| 00| 0 eng d
082 _aA81x54 In2/71/8/PT3
100 _aCensus of India 1971
245 _aJammu and Kashmir: establishment report and tables
260 _aDelhi
_bThe Manager of Publications
_c1972
300 _a702+p.
440 _aCensus of India 1971. Series-8, Jammu & Kashmir. Part III
999 _c485098
_d485098